00413nam a2200145Ia 4500008004100000020001300041041000800054082001700062100002800079245006000107250000900167260006100176300001000237650002000247210716s2003 xx 000 0 und d a74516922 aeng a621.395 JAIR aJain, R P;Anand, M M S. aDigital electronics practice using integrated circuits. a2003 aNew DelhibTata McGraw Hill Publishing Company Ltdc2003 ax,323 aDigital Systems